000 00648nam a2200229Ia 4500
003 OSt
005 20221007072052.0
006 a|||||r|||| 00| 0
007 ta
008 221006b |||||||| |||| 00| 0 eng d
024 _a22,305
037 _cTextual
040 _aFLL
_cFLL
_beng
041 _2eng
_aeng
082 _aX:545.2.N5, K4
100 _aSingh Manmohan
245 0 _aIndia's export trends and the prospects for self-sustained growth
260 _aLondon
_bOxford University Press U. S. A
_c1964
300 _axiv,369p
_ccm.
942 _hX:545.2.N5, K4
_cTEXL
_2CC
999 _c1145134
_d1145134